|
|
|
|
| LEADER |
00000nab a2200000 a 4500 |
| 001 |
vtls000832402 |
| 003 |
SK-MaSNL |
| 005 |
20260304104456.0 |
| 008 |
250429c2002 xo 0 slo |
| 015 |
|
|
|a SNBRB2003/04-11870
|
| 035 |
|
|
|a CLN000184057
|
| 035 |
|
|
|a urn:nbn:sk:snk-abbw91
|
| 035 |
|
|
|a (urnnbn)urn:nbn:sk:snk:ar-006eu9
|
| 035 |
|
|
|a (uuid)6b09a9cf-ba24-4ebd-a617-128cc60622cc
|
| 040 |
|
|
|a SNKBUCL
|b slo
|c SNKBUCL
|e AACR2
|
| 041 |
0 |
|
|a slo
|
| 044 |
|
|
|a xo
|c SK
|
| 080 |
|
|
|a 504.54:061.3
|2 1997
|
| 100 |
1 |
|
|a Kozová, Mária,
|d 1948-
|4 aut
|9 98619
|
| 245 |
1 |
0 |
|a Nové trendy v krajinnej ekológii
|c Mária Kozová
|
| 611 |
1 |
7 |
|a Nové trendy v krajinnej ekológii
|d 2002
|c Piešťany, Slovensko
|2 snkbucl
|9 1404575
|
| 648 |
|
7 |
|a 2002
|2 snkbucl
|9 299607
|
| 650 |
0 |
7 |
|a krajinná ekológia
|2 snkbucl
|9 3811
|
| 650 |
0 |
7 |
|a konferencie
|2 snkbucl
|9 19221
|
| 655 |
|
7 |
|a články z novín a časopisov
|2 snkbucl
|9 267496
|
| 773 |
0 |
|
|t Životné prostredie
|g Roč. 36, č. 6 (2002), s. 283-284
|x 0044-4863
|
| 850 |
|
|
|a Slovenská národná knižnica
|
| 852 |
|
|
|a Slovenská národná knižnica
|
| 954 |
|
|
|a odborná, vedecká literatúra pôvodná (slovenská)
|2 lita
|
| 958 |
|
|
|a article15
|
| 958 |
|
|
|a OND
|
| 958 |
|
|
|a EUIPO
|
| 992 |
|
|
|a RBX
|
| 999 |
|
|
|c 2851821
|d 2853751
|